Ahí están pintados (Registro nro. 2889)

Detalles MARC
000 - LÍDER
campo de control de longitud fija 01026nam a2200277 i 4500
005 - FECHA Y HORA DE LA ÚLTIMA TRANSACCIÓN
campo de control 20210727153129.0
007 - DESCRIPCIÓN FÍSICA CAMPO FIJO - INFORMACIÓN GENERAL
campo de control de longitud fija ta
008 - ELEMENTOS DE DATOS DE LONGITUD FIJA - INFORMACIÓN GENERAL
campo de control de longitud fija 141031s2012 ck a gr 000 0 spa d
020 ## - INTERNATIONAL STANDARD BOOK NUMBER
International Standard Book Number 9789583004360
040 ## - FUENTE DE CATALOGACIÓN
Agencia de catalogación original CO-BoRNBP
Lenguaje de catalogación spa
Agencia de transcripción CO-BoRNBP
Descripción convenciones rda
084 ## - OTRO NÚMERO DE CLASIFICACIÓN
Número de clasificación T ROS2
100 1# - ENTRADA PRINCIPAL - NOMBRE PERSONAL
Nombre de la persona Rosero Diago, Evelio José,
Fechas asociadas a un nombre 1958-
Término del Relator autor
245 10 - TÍTULO DECLARACIÓN
Título Ahí están pintados
Declaración de responsabilidad Evelio José Rosero Diago ; ilustrado por Giovanni Cabrera
250 ## - DECLARACIÓN DE EDICIÓN
Sentencia de edición Primera edición
Resto de la declaración de la edición Octava reimpresión -Décimo primera reimpresión
264 ## - AVISO DE PRODUCCIÓN, PUBLICACIÓN, DISTRIBUCIÓN, FABRICACIÓN Y DERECHOS DE AUTOR
Lugar de producción Bogotá
Nombre del productor Panamericana
Fecha de producción 2012
-- 2020
300 ## - DESCRIPCIÓN FÍSICA
Alcance 62 páginas
Otros datos físicos ilustraciones a color
Dimensiones 21 cm
336 ## - TIPO DE CONTENIDO
Tipo de contenido texto
Código de tipo de contenido txt
Fuente rdacontent
337 ## - TIPO DE MEDIO
Término del tipo de medio sin mediación
Código de tipo de medio n
Fuente rdamedia
338 ## - TIPO DE PORTADOR
Término del tipo de operador volumen
Código de tipo de operador nc
Fuente rdacarrier
521 ## - NOTA DE AUDIENCIA OBJETIVO
Nota para el público objetivo Recomendado desde los 9 años
650 17 - ENTRADA DE SUJETO AÑADIDO - TÉRMINO TÓPICO
Término tópico o elemento de entrada del nombre geográfico Teatro infantil colombiano
Subdivisión cronológica Siglo XX
Fuente del título o término ARMARC
650 17 - ENTRADA DE SUJETO AÑADIDO - TÉRMINO TÓPICO
Término tópico o elemento de entrada del nombre geográfico Literatura infantil colombiana
Subdivisión cronológica Siglo XX
Fuente del título o término ARMARC
650 17 - ENTRADA DE SUJETO AÑADIDO - TÉRMINO TÓPICO
Término tópico o elemento de entrada del nombre geográfico Teatro escolar e infantil colombiano
Fuente del título o término ARMARC
700 1# - ENTRADA AGREGADA - NOMBRE PERSONAL
Nombre de la persona Cabrera, Giovanni
Término del Relator ilustrador
942 ## - ELEMENTOS DE ENTRADA AGREGADOS (KOHA)
Fuente de clasificación o esquema de estanterías Local
Tipo de artículo Koha Literartura
Existencias
Estado de retirada Pérdida de estatus Fuente de clasificación o esquema de estanterías Estado dañado No para préstamo Código de recogida Ubicación permanente Ubicación actual Ubicación de las estanterías Fecha de adquisición Fuente de adquisición Total de Cajas Número Topográfico Código de barras Precio efectivo desde Número de copia Fecha de la última vez que se vio Tipo de artículo Koha
    Dewey Decimal Classification     General Biblioteca Pública Municipal Carlos Arturo Bolívar Guevara Biblioteca Pública Municipal Carlos Arturo Bolívar Guevara Área Infantil 26/12/2023 Dotación Municipio Belén de Umbría   IC862.6R816a BEL03 - 3327 26/12/2023 Ej: 1 26/12/2023 Literartura
    Dewey Decimal Classification     Infantil Biblioteca Pública Municipal Isaías Naranjo Ríos Biblioteca Pública Municipal Isaías Naranjo Ríos Área Infantil 03/10/2012 Dotación ministerio de cultura   T ROS2 API01 - 1067 14/08/2024 Ej.1 14/08/2024 Literartura